LDR 00747naa#a2200181#i#450# 001 EN\\bibl\121068 005 20260430113902.4 011 ## _a1994-4683 100 ## _a20260429b2026####ek#y0engy0150####ca 102 ## _aRU 200 1# _aOn the current state of the problem of engaging individuals with acquired musculoskeletal impairments in adaptive sports: theory and practice _eJournal article 210 1# _aMoscow _cNational State University of Physical Education, Sports and Health named after P.F. Lesgaft _d2026 215 ## _a6 с. 608 ## _aJournal article _2local 675 ## _aСпорт как лечебное средство. 615.825.4 _z 700 #1 _aLukina _gOl'ga Andreevna 700 #1 _aShelekhov _gAleksey Anatolevich 856 4# _auchzapiski.lesgaft.spb.ru _u